[Event "Andorra open"]
[Site "Escaldes"]
[Date "2023.07.23"]
[Round "2.9"]
[White "Yuste Valenzuela, Alejandro"]
[Black "Roshka, Yevgeniy"]
[Result "0-1"]
[WhiteElo "2146"]
[BlackElo "2496"]
[PlyCount "58"]
[EventDate "2023.07.22"]
[EventCountry "AND"]

1. e4 c6 2. d4 d5 3. e5 Bf5 4. h4 h5 5. Ne2 e6 6. Ng3 Bg6 7. c4 dxc4 8. Bxc4
Nd7 9. Nc3 Nb6 10. Be2 Nh6 11. Bg5 Be7 12. Nce4 Bxe4 13. Nxe4 Nf5 14. Bxe7 Qxe7
15. a4 Qb4+ 16. Kf1 Rd8 17. Nd6+ Nxd6 18. exd6 Rxd6 19. a5 Rxd4 20. Qc1 Nc4 21.
Kg1 Nd2 22. Ra3 Nb3 23. Qc3 Nc5 24. a6 b6 25. Qf3 Qe1+ 26. Bf1 Qe4 27. Qg3 O-O
28. Qg5 Qf5 29. b4 Ne4 0-1

[Event "Andorra open"]
[Site "Escaldes"]
[Date "2023.07.23"]
[Round "2.10"]
[White "Ohler, Julius"]
[Black "Shyaamnikhil, P.."]
[Result "1/2-1/2"]
[WhiteElo "2141"]
[BlackElo "2473"]
[PlyCount "103"]
[EventDate "2023.07.22"]
[EventCountry "AND"]

1. c4 e5 2. Nc3 Bb4 3. e4 Bxc3 4. bxc3 d6 5. g3 Ne7 6. Bg2 Be6 7. d3 Qc8 8. Nf3
Bh3 9. Bxh3 Qxh3 10. Ng5 Qg2 11. Qf3 Qxf3 12. Nxf3 Nbc6 13. Rb1 b6 14. Nh4 O-O
15. O-O h6 16. Ng2 f5 17. f3 Rf7 18. Rb2 Raf8 19. Rbf2 Na5 20. Ne3 Nb7 21. Ba3
f4 22. Nd5 Ng6 23. Kg2 h5 24. Rd2 c6 25. Nb4 Na5 26. Nc2 Rf6 27. Rdf2 Nb7 28.
Rd1 Nd8 29. d4 Nf7 30. Ne1 c5 31. d5 fxg3 32. hxg3 h4 33. Bc1 hxg3 34. Kxg3 Nf4
35. Rh2 Rg6+ 36. Kf2 Ng5 37. Bxf4 Rxf4 38. Ke2 Rgf6 39. Rd3 Rh6 40. Rg2 Nh3 41.
Rd1 Rff6 42. Nd3 Rfg6 43. Rxg6 Rxg6 44. Ke3 Rg3 45. Nxe5 Ng5 46. Kf4 Rg2 47.
Nc6 Nf7 48. Ke3 Rc2 49. Kd3 Rf2 50. Ke3 Rc2 51. Kd3 Rf2 52. Ke3 1/2-1/2

[Event "Andorra open"]
[Site "Escaldes"]
[Date "2023.07.23"]
[Round "2.11"]
[White "Zoler, Dan"]
[Black "Persson, Andreas"]
[Result "1-0"]
[WhiteElo "2461"]
[BlackElo "2135"]
[PlyCount "51"]
[EventDate "2023.07.22"]
[EventCountry "AND"]

1. d4 d5 2. c4 e6 3. Nf3 Nf6 4. g3 dxc4 5. Bg2 c5 6. O-O Nc6 7. Ne5 Bd7 8. Na3
cxd4 9. Naxc4 Be7 10. Qb3 Qc7 11. Bf4 Nh5 12. Bxc6 bxc6 13. Nxf7 Nxf4 14. Nxh8
Rb8 15. Qc2 d3 16. exd3 Rb5 17. d4 Nh3+ 18. Kg2 Rh5 19. Qe2 g6 20. Ne5 c5 21.
Nhf7 Bc8 22. dxc5 Qxc5 23. Rac1 Bb7+ 24. f3 Qb6 25. Qd2 Qb5 26. Rc7 1-0

[Event "Andorra open"]
[Site "Escaldes"]
[Date "2023.07.23"]
[Round "2.12"]
[White "Gomez Anadon, Daniel"]
[Black "Lopez Martinez, Josep Manuel"]
[Result "0-1"]
[WhiteElo "2127"]
[BlackElo "2458"]
[PlyCount "80"]
[EventDate "2023.07.22"]
[EventCountry "AND"]

1. e4 c5 2. Nf3 e6 3. d4 cxd4 4. Nxd4 a6 5. Be2 Nf6 6. Nc3 Qc7 7. O-O d6 8. Be3
b5 9. a4 b4 10. Na2 Nxe4 11. c3 b3 12. Qxb3 Be7 13. Bf3 Bb7 14. a5 Nd7 15. Qc2
Nef6 16. Bxb7 Qxb7 17. Nb4 d5 18. Nd3 O-O 19. h3 Rfc8 20. Rfe1 Ne4 21. f3 Nd6
22. Bf2 Bf6 23. Ra4 e5 24. Rb4 Qc7 25. Nb3 Nc4 26. Ndc5 Nxc5 27. Nxc5 Nxa5 28.
Ra4 Be7 29. Nd3 Nc6 30. Rea1 Qb7 31. Qe2 f6 32. b4 Nd8 33. Bc5 Ne6 34. Bxe7
Qxe7 35. Rxa6 Rxa6 36. Rxa6 Rxc3 37. Nxe5 Nf8 38. f4 fxe5 39. fxe5 Qxb4 40. e6
Qc5+ 0-1

[Event "Andorra open"]
[Site "Escaldes"]
[Date "2023.07.23"]
[Round "2.13"]
[White "Ayats Llobera, Gerard"]
[Black "Deshmukh, Anup"]
[Result "0-1"]
[WhiteElo "2452"]
[BlackElo "2121"]
[PlyCount "38"]
[EventDate "2023.07.22"]
[EventCountry "AND"]

1. e4 e5 2. Nf3 Nc6 3. Bb5 f5 4. Nc3 Nf6 5. exf5 e4 6. Qe2 Qe7 7. Bxc6 bxc6 8.
Nh4 d5 9. O-O g5 10. fxg6 Ng4 11. g3 hxg6 12. f4 Rxh4 13. gxh4 Qxh4 14. d3 Bc5+
15. Kh1 Bf5 16. Na4 Bd4 17. Bd2 Kf7 18. Bc3 exd3 19. cxd3 Bxd3 0-1

[Event "Andorra open"]
[Site "Escaldes"]
[Date "2023.07.23"]
[Round "2.14"]
[White "Hristodorescu, Daniel"]
[Black "Defromont, Benjamin"]
[Result "0-1"]
[WhiteElo "2104"]
[BlackElo "2445"]
[PlyCount "112"]
[EventDate "2023.07.22"]
[EventCountry "AND"]

1. e4 c5 2. Nf3 Nc6 3. Bb5 Nf6 4. Nc3 Qc7 5. O-O Nd4 6. a4 a6 7. Bc4 g6 8. d3
Bg7 9. Nxd4 cxd4 10. Ne2 O-O 11. h3 Nxe4 12. Bxf7+ Rxf7 13. dxe4 Qc6 14. Qd3 e5
15. f3 d5 16. exd5 Qxd5 17. Nc3 Qc6 18. Ne4 Be6 19. b3 Rc8 20. Ra2 Bd5 21. Re1
Bxe4 22. Rxe4 Qc3 23. Bd2 Qxd3 24. cxd3 Rfc7 25. Re1 Rc2 26. Rea1 Kf7 27. Kf1
Ke6 28. Ke1 Kd5 29. Kd1 R2c7 30. a5 Bf8 31. Ra4 Bd6 32. Rc4 Rc5 33. Kc2 R8c6
34. Kb2 Bc7 35. Rac1 Rb5 36. Ra1 Bd8 37. Raa4 Rbc5 38. Bb4 Rxc4 39. dxc4+ Ke6
40. Kc2 Kf5 41. Kd3 Re6 42. Bd2 Re7 43. g4+ Ke6 44. Bg5 Rf7 45. Bxd8 Rxf3+ 46.
Kc2 Rc3+ 47. Kb2 Rxh3 48. Ra1 h5 49. g5 e4 50. Bf6 Rh2+ 51. Ka3 Rd2 52. Re1 e3
53. Kb4 Kf5 54. Kc5 Ke4 55. b4 d3 56. Kb6 Rc2 0-1

[Event "Andorra open"]
[Site "Escaldes"]
[Date "2023.07.23"]
[Round "2.15"]
[White "Martinez Martinez, Mateo"]
[Black "Decuigniere, Tom"]
[Result "0-1"]
[WhiteElo "2093"]
[BlackElo "2393"]
[PlyCount "60"]
[EventDate "2023.07.22"]
[EventCountry "AND"]

1. d4 Nf6 2. c4 e6 3. Nc3 Bb4 4. e3 O-O 5. Bd2 b6 6. Nf3 d5 7. cxd5 exd5 8. Bd3
Ba6 9. Ne5 Bxd3 10. Nxd3 Bd6 11. g4 c5 12. dxc5 bxc5 13. Qf3 Nbd7 14. Nxd5 Nxd5
15. Qxd5 Nb6 16. Qf5 c4 17. Nf4 g6 18. Qe4 Re8 19. Qf3 Qf6 20. O-O g5 21. Bc3
Be5 22. Bxe5 Rxe5 23. Kg2 gxf4 24. exf4 Rd5 25. Rfe1 Rd3 26. Qe4 Rd4 27. Qe3
Nd5 28. Qg3 Rd3 29. f3 Ne3+ 30. Kh1 Nc2 0-1

[Event "Andorra open"]
[Site "Escaldes"]
[Date "2023.07.23"]
[Round "2.16"]
[White "Arpan, Das (Jr)"]
[Black "Palomo Teruel, Xavier"]
[Result "1/2-1/2"]
[WhiteElo "2365"]
[BlackElo "2096"]
[PlyCount "104"]
[EventDate "2023.07.22"]
[EventCountry "AND"]

1. e4 e5 2. Nf3 Nc6 3. Bb5 a6 4. Ba4 Nf6 5. O-O Nxe4 6. d4 Be7 7. Re1 b5 8. d5
Nc5 9. Bb3 Na5 10. Nxe5 d6 11. Nd3 O-O 12. Be3 Bf6 13. c3 Naxb3 14. axb3 Nxd3
15. Qxd3 Re8 16. Nd2 Qd7 17. Bd4 Rxe1+ 18. Rxe1 Bxd4 19. Qxd4 Bb7 20. Qe4 h6
21. Nf3 c6 22. Qe7 Rd8 23. Qxd7 Rxd7 24. dxc6 Bxc6 25. Re8+ Kh7 26. Nd4 Bd5 27.
b4 Kg6 28. f3 Kf6 29. Kf2 g6 30. Rb8 Ke7 31. Ke3 Rd8 32. Rxd8 Kxd8 33. Ne2 Ke7
34. Kd4 Bc4 35. Nf4 Kd7 36. g3 Kc6 37. Ng2 Bd5 38. Ne1 Bc4 39. Nc2 Bd5 40. f4
Bb3 41. Ne3 Be6 42. g4 g5 43. fxg5 hxg5 44. Ke4 f6 45. h3 d5+ 46. Kd4 Kd6 47.
b3 Kc6 48. Nf1 Kd6 49. Nd2 Bf7 50. Nf1 Be6 51. Nd2 Bf7 52. Nf1 Be6 1/2-1/2

[Event "Andorra open"]
[Site "Escaldes"]
[Date "2023.07.23"]
[Round "2.17"]
[White "Ellis, Antoine"]
[Black "Vestby-Ellingsen, Mads"]
[Result "0-1"]
[WhiteElo "2084"]
[BlackElo "2358"]
[PlyCount "40"]
[EventDate "2023.07.22"]
[EventCountry "AND"]

1. d4 Nf6 2. c4 e6 3. Nc3 Bb4 4. Nf3 O-O 5. g3 d5 6. Bg2 dxc4 7. Ne5 Nd5 8. Bd2
Nb6 9. Ne4 Be7 10. Bf4 f6 11. Nf3 Bd7 12. Qc2 Ba4 13. Qc1 Bc6 14. Nc5 e5 15.
Be3 exd4 16. Ne6 Qc8 17. Nexd4 Bd5 18. h4 Na6 19. Bh3 Qe8 20. Ne6 Bb4+ 0-1

[Event "Andorra open"]
[Site "Escaldes"]
[Date "2023.07.23"]
[Round "2.18"]
[White "Romero Pallares, Daniel"]
[Black "Luke Brezmes, Cristofer"]
[Result "1/2-1/2"]
[WhiteElo "2275"]
[BlackElo "2087"]
[PlyCount "179"]
[EventDate "2023.07.22"]
[EventCountry "AND"]

1. e4 d6 2. d4 Nf6 3. Nc3 e5 4. Nf3 Nbd7 5. Bc4 Be7 6. a4 c6 7. a5 Qc7 8. O-O
h6 9. Re1 Nf8 10. Nh4 g6 11. Bb3 Ne6 12. Nf3 g5 13. d5 Nf4 14. Bxf4 gxf4 15. a6
c5 16. axb7 Qxb7 17. Ba4+ Bd7 18. Qd3 O-O 19. Nd2 Kh7 20. Nc4 Rg8 21. Na5 Qc8
22. Bxd7 Qxd7 23. Qf3 Bd8 24. Nc6 Bb6 25. Na4 c4 26. Nxb6 axb6 27. h3 Qb7 28.
Ra3 Ra6 29. Rea1 Rga8 30. g3 c3 31. Qxc3 fxg3 32. fxg3 Rxa3 33. bxa3 Nxe4 34.
Qf3 Ng5 35. Qf5+ Kg7 36. Rf1 Qc8 37. Qf6+ Kh7 38. h4 Qg4 39. Qf5+ Qxf5 40. Rxf5
Ne4 41. Rxf7+ Kg6 42. Rf3 Nf6 43. c4 Re8 44. Rb3 Nd7 45. Kf2 h5 46. Ke2 Kf5 47.
Rf3+ Kg6 48. Na7 e4 49. Rf4 Nf6 50. Nb5 Rd8 51. Ke3 Kf7 52. Nc3 Ke7 53. Nxe4
Ng4+ 54. Kd4 Ra8 55. Rf3 Ne5 56. Rb3 Ra4 57. Nd2 b5 58. Rxb5 Rxa3 59. Rb7+ Kd8
60. Rb3 Ra4 61. Rc3 Kd7 62. Nf3 Ng4 63. Ke4 Nf2+ 64. Kf5 Nd1 65. Rc1 Ne3+ 66.
Kg5 Nxc4 67. Kxh5 Ne3 68. Re1 Nxd5 69. Kg5 Ra3 70. Rf1 Ne3 71. Rg1 Ra5+ 72. Kf4
Nd5+ 73. Kg4 Nf6+ 74. Kh3 Ke6 75. g4 Kf7 76. Rd1 Ne4 77. Rd4 d5 78. g5 Kg6 79.
Kg4 Nf2+ 80. Kg3 Ne4+ 81. Kf4 Kh5 82. Rb4 Ra8 83. Rb5 Rf8+ 84. Ke3 Nd6 85. Rxd5
Nf5+ 86. Ke4 Ng3+ 87. Ke3 Nf5+ 88. Ke2 Nxh4 89. g6+ Kxg6 90. Nxh4+ 1/2-1/2

[Event "Andorra open"]
[Site "Escaldes"]
[Date "2023.07.23"]
[Round "2.19"]
[White "Pham Guerrero, Sergi"]
[Black "Martinez Pla, Xavier"]
[Result "0-1"]
[WhiteElo "2071"]
[BlackElo "2268"]
[PlyCount "42"]
[EventDate "2023.07.22"]
[EventCountry "AND"]

1. e4 c5 2. Nc3 e6 3. Nge2 Nc6 4. g3 d5 5. exd5 exd5 6. d4 cxd4 7. Nxd4 Nf6 8.
Bg2 Bg4 9. Qd3 Be7 10. O-O O-O 11. Bf4 Qd7 12. Rfe1 Rac8 13. h3 Bh5 14. Nb3
Rfd8 15. Qb5 a6 16. Qa4 h6 17. g4 Bg6 18. Re2 Ra8 19. Bg3 Bb4 20. Nd2 b5 21.
Qb3 Bf8 0-1

[Event "Andorra open"]
[Site "Escaldes"]
[Date "2023.07.23"]
[Round "2.20"]
[White "Fernandez Rubio, Rafael"]
[Black "Urriza Iricibar, Pablo"]
[Result "0-1"]
[WhiteElo "2065"]
[BlackElo "2257"]
[PlyCount "104"]
[EventDate "2023.07.22"]
[EventCountry "AND"]

1. e4 c5 2. Nc3 e6 3. g3 d5 4. exd5 exd5 5. d4 Nf6 6. Bb5+ Nc6 7. Be3 c4 8. Qd2
Bb4 9. f3 O-O 10. Bxc6 bxc6 11. Nge2 Re8 12. O-O Bf5 13. Bf2 h6 14. a3 Ba5 15.
b4 cxb3 16. cxb3 Rxe2 17. Qxe2 Bxc3 18. Rac1 Qa5 19. Qe7 Re8 20. Qc5 Qxc5 21.
dxc5 d4 22. Rfd1 Bb2 23. Rc4 d3 24. Rf4 Bg6 25. Ra4 Nd5 26. Rxa7 Nc3 27. Re1
Ne2+ 28. Kg2 d2 29. Rd1 Bc3 30. Rd7 Bc2 31. R1xd2 Bxd2 32. Rxd2 Bxb3 33. Rb2
Bd5 34. a4 Nc3 35. a5 Nd1 36. Rb1 Nxf2 37. Kxf2 Bc4 38. Rb4 Bb5 39. Rb2 g5 40.
Ra2 Ba6 41. Rb2 Ra8 42. Rb3 Kg7 43. Ke3 Kf6 44. Kd4 Rd8+ 45. Ke4 Ke6 46. g4 Rd2
47. Rb8 Ra2 48. Rh8 Ra4+ 49. Ke3 Rxa5 50. Rxh6+ f6 51. h4 Rxc5 52. h5 Ke5 0-1

[Event "Andorra open"]
[Site "Escaldes"]
[Date "2023.07.24"]
[Round "3.1"]
[White "Decuigniere, Tom"]
[Black "Christiansen, Johan-Sebastian"]
[Result "0-1"]
[WhiteElo "2393"]
[BlackElo "2603"]
[PlyCount "70"]
[EventDate "2023.07.22"]
[EventCountry "AND"]

1. d4 Nf6 2. c4 d6 3. Nc3 e5 4. e3 Nbd7 5. g3 g6 6. Bg2 Bg7 7. Nge2 O-O 8. O-O
Re8 9. b3 c6 10. Ba3 Nf8 11. dxe5 dxe5 12. Qxd8 Rxd8 13. Rad1 Re8 14. Rd2 h5
15. Bd6 Bf5 16. b4 N8d7 17. c5 Bf8 18. Bxf8 Kxf8 19. Rd6 Ke7 20. e4 Be6 21. f4
a5 22. fxe5 Ng4 23. b5 Ngxe5 24. bxc6 bxc6 25. Nd4 Nxc5 26. Rxc6 Nxc6 27. Nxc6+
Kf8 28. Nd5 Bd7 29. Nd4 Rab8 30. Nf6 Red8 31. e5 Bb5 32. Nxb5 Rxb5 33. Bd5 Kg7
34. Bc4 Rb7 35. Rc1 Re7 0-1

[Event "Andorra open"]
[Site "Escaldes"]
[Date "2023.07.24"]
[Round "3.2"]
[White "Galperin, Platon"]
[Black "Vestby-Ellingsen, Mads"]
[Result "1/2-1/2"]
[WhiteElo "2566"]
[BlackElo "2358"]
[PlyCount "47"]
[EventDate "2023.07.22"]
[EventCountry "AND"]

1. d4 Nf6 2. Nf3 e6 3. Bf4 b6 4. e3 Bb7 5. Be2 Be7 6. h3 O-O 7. O-O c5 8. c4
cxd4 9. Nxd4 a6 10. Nc3 d6 11. Bh2 Nbd7 12. a4 Rc8 13. a5 bxa5 14. Nb3 Qb6 15.
Rxa5 d5 16. c5 Nxc5 17. Rxc5 Rxc5 18. Na4 Qa7 19. Qd4 Nd7 20. Nbxc5 Bxc5 21.
Nxc5 Qxc5 22. Qxc5 Nxc5 23. b4 Nd7 24. Ra1 1/2-1/2

[Event "Andorra open"]
[Site "Escaldes"]
[Date "2023.07.24"]
[Round "3.3"]
[White "Martinez Pla, Xavier"]
[Black "Rasmussen, Allan Stig"]
[Result "0-1"]
[WhiteElo "2268"]
[BlackElo "2531"]
[PlyCount "74"]
[EventDate "2023.07.22"]
[EventCountry "AND"]

1. e4 c6 2. Nf3 d5 3. d3 Qc7 4. Nc3 dxe4 5. Nxe4 Nf6 6. Qe2 Na6 7. g3 Nxe4 8.
Qxe4 g6 9. Bf4 Qa5+ 10. Bd2 Qf5 11. Bc3 f6 12. b4 e5 13. a3 Nc7 14. h4 Nb5 15.
Bd2 Qh5 16. Be2 Nd6 17. Nh2 Nxe4 18. dxe4 Qxe2+ 19. Kxe2 Be6 20. Rhd1 O-O-O 21.
Be3 Rxd1 22. Rxd1 b6 23. f4 exf4 24. Bxf4 Be7 25. e5 fxe5 26. Bxe5 Re8 27. Kf2
Bf5 28. Bf4 Bxc2 29. Rd2 Ba4 30. Be3 Rf8+ 31. Kg2 Bb3 32. Bf4 Bd5+ 33. Kg1 a5
34. Be3 axb4 35. axb4 Bxb4 36. Rb2 c5 37. Ng4 Rf3 0-1

[Event "Andorra open"]
[Site "Escaldes"]
[Date "2023.07.24"]
[Round "3.4"]
[White "Cuartas, Jaime Alexander"]
[Black "Ribera Veganzones, Serni"]
[Result "1-0"]
[WhiteElo "2526"]
[BlackElo "2259"]
[PlyCount "69"]
[EventDate "2023.07.22"]
[EventCountry "AND"]

1. e4 c6 2. d4 d5 3. exd5 cxd5 4. Bd3 Nc6 5. c3 Nf6 6. Bf4 Bg4 7. Qb3 Qd7 8.
Nd2 e6 9. Ngf3 Bd6 10. Bxd6 Qxd6 11. O-O O-O 12. Rfe1 Qc7 13. Ne5 Bh5 14. f4
Bg6 15. Nxg6 hxg6 16. g3 Rab8 17. a4 Rfc8 18. Qd1 Ne7 19. Nf3 Nf5 20. Ng5 a6
21. a5 Nh7 22. Nf3 Nd6 23. Qe2 Nf6 24. Ng5 Qe7 25. Qg2 Nf5 26. g4 Nh6 27. h3
Qd6 28. Nf3 Nd7 29. f5 Nf8 30. Re2 Re8 31. Rae1 Qd8 32. fxg6 fxg6 33. Ne5 Qg5
34. Qf2 Nf5 35. Nf3 1-0

[Event "Andorra open"]
[Site "Escaldes"]
[Date "2023.07.24"]
[Round "3.5"]
[White "Urriza Iricibar, Pablo"]
[Black "Sumets, Andrey"]
[Result "0-1"]
[WhiteElo "2257"]
[BlackElo "2515"]
[PlyCount "68"]
[EventDate "2023.07.22"]
[EventCountry "AND"]

1. e4 c6 2. d4 d5 3. f3 e6 4. Nc3 Nf6 5. Bf4 Be7 6. Qd2 O-O 7. O-O-O b5 8. Bd3
b4 9. Nce2 Na6 10. Kb1 c5 11. dxc5 Nxc5 12. Nd4 Qb6 13. e5 Nfd7 14. Nge2 Nxd3
15. Qxd3 Ba6 16. Qd2 Bxe2 17. Qxe2 Rfc8 18. Nb3 a5 19. Be3 Qc7 20. f4 a4 21.
Nd4 Nc5 22. Nb5 Qb8 23. Bxc5 Bxc5 24. Nd4 Qa7 25. Nf3 b3 26. Ne1 bxc2+ 27. Nxc2
Qb6 28. Ne1 Bd4 29. Nd3 Rc3 30. Nc1 a3 31. Rxd4 axb2 32. Nb3 Rxb3 33. Rd2 Rb4
34. Rf1 Qa5 0-1

[Event "Andorra open"]
[Site "Escaldes"]
[Date "2023.07.24"]
[Round "3.6"]
[White "Almeida Quintana, Omar"]
[Black "Lubbe, Melanie"]
[Result "1-0"]
[WhiteElo "2508"]
[BlackElo "2256"]
[PlyCount "79"]
[EventDate "2023.07.22"]
[EventCountry "AND"]

1. d4 Nf6 2. c4 g6 3. Nc3 Bg7 4. e4 d6 5. h3 O-O 6. Be3 e5 7. d5 Na6 8. g4 Nc5
9. f3 a5 10. Nge2 c6 11. Ng3 cxd5 12. cxd5 Ne8 13. h4 Nc7 14. Qd2 Bd7 15. h5 b5
16. g5 b4 17. Nd1 Nb5 18. hxg6 fxg6 19. Qh2 Rxf3 20. Qxh7+ Kf7 21. Bxb5 Bxb5
22. Nf5 Rxe3+ 23. Ndxe3 gxf5 24. Qxf5+ Kg8 25. Kd2 Qxg5 26. Qh7+ Kf8 27. Rag1
Qf6 28. Rf1 Bxf1 29. Rxf1 Qxf1 30. Nxf1 Ra7 31. Ng3 a4 32. Qg6 Rd7 33. Ke2 b3
34. axb3 Nxb3 35. Nh5 Nd4+ 36. Kd3 Bh8 37. Qg4 Rd8 38. Nf4 exf4 39. Qh4 Re8 40.
Qxh8+ 1-0

[Event "Andorra open"]
[Site "Escaldes"]
[Date "2023.07.24"]
[Round "3.7"]
[White "Lever, Erwan"]
[Black "Miranda Mesa, Elier"]
[Result "1-0"]
[WhiteElo "2252"]
[BlackElo "2503"]
[PlyCount "83"]
[EventDate "2023.07.22"]
[EventCountry "AND"]

1. d4 d5 2. Nf3 Nf6 3. g3 Bf5 4. Bg2 e6 5. c4 c6 6. Nc3 Nbd7 7. Qb3 Qb6 8. c5
Qxb3 9. axb3 a6 10. b4 Rc8 11. h3 h6 12. g4 Bh7 13. Bf4 Ne4 14. O-O g5 15. Bh2
Bg7 16. e3 O-O 17. Rfd1 Rfe8 18. Nd2 Nxd2 19. Rxd2 e5 20. Nxd5 exd4 21. Nc7
Red8 22. exd4 Ne5 23. Re2 Rxd4 24. Rxe5 Bxe5 25. Bxe5 Rxb4 26. Re1 Rb3 27. Bd6
Rxb2 28. Re7 Bg6 29. Ne8 Rb1+ 30. Kh2 a5 31. Nf6+ Kg7 32. Nd7 a4 33. Nb6 Rd8
34. Nxa4 h5 35. gxh5 Bxh5 36. Nc3 Rb3 37. Ne4 Bf3 38. Nxg5 Bxg2 39. Ne6+ Kf6
40. Nxd8 Bd5 41. Rxb7 Rf3 42. Rb2 1-0

[Event "Andorra open"]
[Site "Escaldes"]
[Date "2023.07.24"]
[Round "3.8"]
[White "Ventura Bolet, Alexandre"]
[Black "Lubbe, Nikolas"]
[Result "0-1"]
[WhiteElo "2227"]
[BlackElo "2501"]
[PlyCount "92"]
[EventDate "2023.07.22"]
[EventCountry "AND"]

1. Nf3 d5 2. e3 Nf6 3. c4 e6 4. b3 Be7 5. Bb2 O-O 6. Nc3 b6 7. Qc2 Bb7 8. Be2
Nbd7 9. O-O dxc4 10. Bxc4 c5 11. Be2 Rc8 12. Ng5 h6 13. Bf3 Ba6 14. Nge4 Bxf1
15. Rxf1 Ne5 16. Be2 Nc6 17. Qb1 Qd7 18. Ng3 Rfd8 19. Rd1 Nb4 20. Nce4 Nxe4 21.
Qxe4 Qd5 22. Qg4 Qg5 23. Qf3 Bf8 24. a3 Nd3 25. Bc3 Qd5 26. e4 Qxb3 27. Nh5 e5
28. Bxe5 Qe6 29. Bxg7 Bxg7 30. Bxd3 Rd4 31. Ba6 Rcd8 32. Bb7 Rxd2 33. Rf1 R8d3
34. Nxg7 Kxg7 35. Qh5 Qg6 36. Qe5+ Qf6 37. Qh5 Qg5 38. Qxg5+ hxg5 39. f4 Rd1
40. fxg5 Rxf1+ 41. Kxf1 Rxa3 42. h4 c4 43. h5 Ra1+ 44. Ke2 Ra2+ 45. Kf3 c3 46.
h6+ Kh8 0-1

[Event "Andorra open"]
[Site "Escaldes"]
[Date "2023.07.24"]
[Round "3.9"]
[White "Roshka, Yevgeniy"]
[Black "Alvarez Albiol, Victor"]
[Result "1-0"]
[WhiteElo "2496"]
[BlackElo "2214"]
[PlyCount "187"]
[EventDate "2023.07.22"]
[EventCountry "AND"]

1. Nf3 Nf6 2. d4 e6 3. g3 d5 4. Bg2 Be7 5. O-O O-O 6. c4 Nbd7 7. Qc2 Ne4 8.
Nbd2 f5 9. Ne1 c6 10. Nd3 Nd6 11. b3 a5 12. Nf3 b5 13. Nf4 Rf6 14. Ne5 Bb7 15.
Nfd3 Rc8 16. a4 bxc4 17. bxc4 Ba6 18. Nxd7 Qxd7 19. Bg5 Nxc4 20. Bxf6 gxf6 21.
Qc1 Qa7 22. Qf4 Bd6 23. Qh4 Nd2 24. Qxf6 Qe7 25. Qh6 Nxf1 26. Bxf1 Bxd3 27.
exd3 Bb4 28. Ra2 Rf8 29. Rc2 c5 30. dxc5 Bxc5 31. Bg2 Qd6 32. Rxc5 Qxc5 33.
Qxe6+ Kg7 34. Bxd5 Qc7 35. Kg2 Qd8 36. Qe5+ Kh6 37. Bf3 Qb6 38. d4 Kg6 39. d5
Rf6 40. Qe8+ Kg7 41. Qe7+ Kg8 42. Qd7 Qd6 43. Qc8+ Kg7 44. Qb7+ Kh6 45. Qa7 Qb6
46. Qe7 Qd6 47. Qe3+ Kg6 48. h4 Qb6 49. Bh5+ Kg7 50. Qe7+ Kg8 51. Bf3 Qd6 52.
Qa7 Qb6 53. Qd7 Qd6 54. Qc8+ Kg7 55. Qc3 Qb6 56. Qe1 Qd8 57. Qd2 h6 58. Qc3 Kh7
59. Qe3 Qd6 60. Qe8 Kg7 61. Qc8 Qb6 62. Qc3 Kh7 63. Bh5 Qd8 64. Kg1 Kg8 65. f4
Qb6+ 66. Kg2 Kh7 67. Be8 Qd8 68. Qd3 Kg7 69. h5 Kf8 70. Bd7 Qe7 71. Be6 Kg7 72.
Qb5 Rf8 73. Qb6 Qd8 74. Qc5 Rf6 75. Qc3 Kf8 76. Qe5 Qe7 77. Qb8+ Qe8 78. Qb6
Qd8 79. Qd6+ Ke8 80. Qd7+ Kf8 81. Qd6+ Ke8 82. Qe5 Qa8 83. Bxf5+ Kf8 84. Be6
Ke8 85. Qd4 Qb7 86. Kh3 Qc7 87. Qe3 Qd6 88. Qa7 Kd8 89. Qa8+ Kc7 90. Qc8+ Kb6
91. Qc3 Ka6 92. Kg4 Rf8 93. Qd3+ Kb6 94. Qe3+ 1-0

[Event "Andorra open"]
[Site "Escaldes"]
[Date "2023.07.24"]
[Round "3.10"]
[White "Deshmukh, Anup"]
[Black "Zoler, Dan"]
[Result "1/2-1/2"]
[WhiteElo "2121"]
[BlackElo "2461"]
[PlyCount "115"]
[EventDate "2023.07.22"]
[EventCountry "AND"]

1. c4 Nf6 2. Nc3 c5 3. Nf3 e6 4. e4 Nc6 5. h3 d5 6. cxd5 exd5 7. exd5 Nxd5 8.
Bb5 Nc7 9. Bxc6+ bxc6 10. O-O Be7 11. d4 O-O 12. Be3 Rb8 13. Ne5 Qe8 14. dxc5
Bf6 15. Nc4 Ba6 16. Nd6 Qe5 17. Re1 Rxb2 18. Nce4 Ne6 19. Bd2 Qd4 20. Bc3 Qxd1
21. Nxf6+ gxf6 22. Raxd1 Rc2 23. Ne4 f5 24. Nf6+ Kg7 25. Ba1 Kh6 26. Re3 Rxa2
27. Rg3 Rd8 28. Re1 Rdd2 29. Ng8+ Kh5 30. Bf6 Re2 31. Rxe2 Bxe2 32. f4 Rc2 33.
Be7 Bc4 34. Nf6+ Kh6 35. h4 Bd5 36. h5 a5 37. Rg5 Rxg2+ 38. Rxg2 Bxg2 39. Kxg2
a4 40. Bd6 a3 41. Kg3 a2 42. Be5 Nxc5 43. Kh4 Kg7 44. Kg5 h6+ 45. Kxf5 Nb3 46.
Ng4+ Kf8 47. Nxh6 c5 48. Bb2 a1=Q 49. Bxa1 Nxa1 50. Kf6 Nc2 51. Nxf7 Ne3 52. h6
Nd5+ 53. Ke5 Nxf4 54. h7 Kxf7 55. Kxf4 Kg7 56. Ke4 Kxh7 57. Kd5 c4 58. Kxc4
1/2-1/2

[Event "Andorra open"]
[Site "Escaldes"]
[Date "2023.07.24"]
[Round "3.11"]
[White "Lopez Martinez, Josep Manuel"]
[Black "Pinsach Gelabert, Alexandre"]
[Result "1-0"]
[WhiteElo "2458"]
[BlackElo "2209"]
[PlyCount "111"]
[EventDate "2023.07.22"]
[EventCountry "AND"]

1. c4 c5 2. Nf3 Nf6 3. Nc3 Nc6 4. d4 cxd4 5. Nxd4 g6 6. e4 d6 7. Be2 Bg7 8. Be3
O-O 9. O-O Bd7 10. Qd2 Ng4 11. Bxg4 Bxg4 12. Kh1 Rc8 13. b3 a6 14. Rac1 Qa5 15.
Nxc6 bxc6 16. Bh6 Rfd8 17. Bxg7 Kxg7 18. f4 Qh5 19. Qd4+ e5 20. Qa7 Be6 21.
fxe5 dxe5 22. Rc2 Qg5 23. Qxa6 Rd2 24. Rxd2 Qxd2 25. Qa5 Qg5 26. Nb1 Rd8 27.
Qe1 Rd4 28. Nc3 Rd2 29. Qg3 Qxg3 30. hxg3 Rc2 31. Rf3 f5 32. Kg1 h5 33. a3 Kh6
34. Na4 Ra2 35. Nc5 fxe4 36. Rf2 Rxa3 37. Nxe6 Rxb3 38. Rf8 Kh7 39. Ng5+ Kg7
40. Rf7+ Kg8 41. Re7 Rc3 42. Nxe4 Rxc4 43. Rxe5 Kg7 44. Kf2 Kh6 45. Kf3 Rc2 46.
Rc5 Rxc5 47. Nxc5 Kg5 48. Ne6+ Kf6 49. Nd4 c5 50. Nb3 c4 51. Nd2 c3 52. Ne4+
Kf5 53. Nxc3 g5 54. g4+ Kg6 55. gxh5+ Kxh5 56. g4+ 1-0

[Event "Andorra open"]
[Site "Escaldes"]
[Date "2023.07.24"]
[Round "3.12"]
[White "Defromont, Benjamin"]
[Black "Palacios Herrero, Pablo"]
[Result "1/2-1/2"]
[WhiteElo "2445"]
[BlackElo "2197"]
[PlyCount "120"]
[EventDate "2023.07.22"]
[EventCountry "AND"]

1. e4 e6 2. d4 d5 3. Nc3 Nf6 4. e5 Nfd7 5. f4 c5 6. Nf3 Nc6 7. Be3 a6 8. Qd2 b5
9. dxc5 Bxc5 10. Bd3 Qb6 11. Bf2 h6 12. O-O O-O 13. a3 a5 14. Nxb5 Ba6 15. a4
Rab8 16. Rfd1 Nb4 17. Nfd4 f6 18. Bf1 fxe5 19. fxe5 Nxe5 20. c3 Bxb5 21. Bxb5
Ng4 22. Bg3 e5 23. h3 exd4 24. cxd4 Nc2 25. Qxc2 Bxd4+ 26. Kh1 Nf2+ 27. Bxf2
Rxf2 28. Qd3 Bxb2 29. Qxd5+ Kh8 30. Rab1 Qf6 31. Bd3 Qf4 32. Rf1 Rxf1+ 33. Rxf1
Qe5 34. Qf7 Qe8 35. Qf5 g6 36. Qxa5 Bd4 37. Qc7 Rb6 38. Bb5 Qg8 39. Bc4 Qb8 40.
Qf7 Rb1 41. Qxg6 Rxf1+ 42. Bxf1 Qf4 43. Qe8+ Kg7 44. Qd7+ Kf8 45. Qc8+ Kg7 46.
Qb7+ Kg6 47. Qc6+ Kg5 48. Bd3 Kh4 49. a5 Qe3 50. g3+ Kxh3 51. Qg2+ Kg4 52. Be2+
Kg5 53. a6 Qf2 54. Qxf2 Bxf2 55. Kg2 Ba7 56. g4 h5 57. gxh5 Bb6 58. Kf1 Kh6 59.
Ke1 Kg7 60. a7 Bxa7 1/2-1/2

[Event "Andorra open"]
[Site "Escaldes"]
[Date "2023.07.24"]
[Round "3.13"]
[White "Arizmendi Martinez, Julen Luis"]
[Black "Rojano Alfonso, Carlos"]
[Result "1-0"]
[WhiteElo "2501"]
[BlackElo "2239"]
[PlyCount "71"]
[EventDate "2023.07.22"]
[EventCountry "AND"]

1. e4 g6 2. d4 Bg7 3. Nf3 c6 4. h3 d5 5. Nbd2 Nf6 6. e5 Ne4 7. Bd3 Nxd2 8. Qxd2
Qc7 9. O-O O-O 10. Qg5 b6 11. Qh4 f6 12. Bf4 Qd8 13. Qg3 f5 14. h4 e6 15. c4
Qe8 16. Rfc1 Na6 17. h5 gxh5 18. Be2 dxc4 19. Qh2 b5 20. Ng5 h6 21. Bxh5 Qe7
22. Bg6 Rd8 23. Nf7 Rxd4 24. Rd1 Rxf4 25. Qxf4 Bd7 26. Nxh6+ Kf8 27. g4 Nc5 28.
gxf5 Bxh6 29. Qxh6+ Qg7 30. Qxg7+ Kxg7 31. b4 cxb3 32. Rac1 exf5 33. Rxc5 Kxg6
34. Rxd7 bxa2 35. Rxc6+ Kg5 36. Ra6 1-0